| 000 | 00712nam a22001937a 4500 | ||
|---|---|---|---|
| 005 | 20251108175321.0 | ||
| 008 | 250721s2014 xx 000 0 ara d | ||
| 082 | 1 | 4 | _aم/331.110956/قرن |
| 100 | 1 | _aمالكي، محمد | |
| 245 | 1 | 0 | _aالتنمية الإنسانية العربية في القرن الحادي و العشرين أولوية التمكين / |
| 264 | 1 |
_aلبنان : _bمركز دراسات الوحدة العربية، _c2014. |
|
| 300 | _a576ص. | ||
| 490 | 0 | _aمركز دراسات الوحدة العربية | |
| 650 | 1 | 7 | _aالتنمية البشرية |
| 650 | 1 | 7 | _aالبلدان العربية |
| 700 | 1 | _aقرني، بهجت | |
| 942 |
_2ddc _cREF |
||
| 999 |
_c131277 _d131277 |
||